| 000 | 00498nam a2200181Ia 4500 | ||
|---|---|---|---|
| 005 | 20250423094322.0 | ||
| 008 | 250422s9999 xx 000 0 und d | ||
| 020 | _a1565936930 | ||
| 050 | _aRF 294.5 .I5W55/ | ||
| 100 | _aWiley, T. L. | ||
| 245 | 0 | _aAcoustic immittance measures in clinical audiology : a primer | |
| 260 | _aSan Diego | ||
| 260 | _bSingular Pub. Group | ||
| 260 | _c1997 | ||
| 300 | _a250 p | ||
| 650 | _a Audiometry - methods. Hearing Disorders - diagnosis. | ||
| 942 | _cBK | ||
| 999 |
_c26897 _d26897 |
||